|
|
|
|
| LEADER |
00000nab a2200000 a 4500 |
| 001 |
vtls000920641 |
| 003 |
SK-MaSNL |
| 005 |
20260318121716.0 |
| 008 |
040720e19910913xo 0 slo |
| 035 |
|
|
|a KE29518
|
| 040 |
|
|
|a KEVKJB
|b slo
|c KEVKJB
|e AACR2
|
| 041 |
1 |
|
|h hun
|
| 044 |
|
|
|a xo
|c SK
|
| 080 |
|
|
|a 894.511-(437.671)
|2 1981
|
| 100 |
1 |
|
|a Mécs, László,
|d 1895-1978
|4 aut
|9 103321
|
| 245 |
1 |
0 |
|a A feltámadt Lázár tünödése
|
| 650 |
0 |
7 |
|a maďarská literatúra
|2 KEVKJB
|9 1193
|
| 650 |
0 |
7 |
|a poézia
|2 KEVKJB
|9 1274
|
| 650 |
0 |
7 |
|a texty
|2 KEVKJB
|9 29593
|
| 650 |
0 |
7 |
|a osobnosti
|2 KEVKJB
|9 29820
|
| 651 |
|
7 |
|a Družstevná pri Hornáde (Slovensko)
|2 KEVKJB
|9 29640
|
| 651 |
|
7 |
|a KS,
|2 KEVKJB
|9 880381
|
| 655 |
|
7 |
|a periodikum
|2 snkbucl
|9 29553
|
| 773 |
0 |
8 |
|t A Hét
|g Roč. 36, č.37, 13.9.1991, s. 17
|
| 852 |
|
|
|a ZVYKNI
|b KIS3GCP
|
| 999 |
|
|
|c 3239642
|d 3241572
|